Paisaje adentro / (Record no. 182194)

MARC details
000 -LEADER
campo de control de longitud fija 00776nam a2200241 i 4500
001 - NÚMERO DE CONTROL
campo de control 182194
003 - IDENTIFICADOR DE NÚMERO DE CONTROL
campo de control ES-MaACL
005 - FECHA Y HORA DE LA ÚLTIMA TRANSACCIÓN
campo de control 20231022193502.0
008 - DATOS DE LONGITUD FIJA--INFORMACIÓN GENERAL
campo de control de longitud fija 130625s2012 sp | |||||||| | spa d
020 ## - NÚMERO INTERNACIONAL ESTÁNDAR DEL LIBRO
Número Internacional Estándar del Libro 978-84-15398-43-1
080 ## - NÚMERO DE LA CLASIFICACIÓN DECIMAL UNIVERSAL
Número de la Clasificación Decimal Universal 821.134.2-14"19"
100 1# - ENTRADA PRINCIPAL--NOMBRE DE PERSONA
Nombre de persona Abajo, Lourdes de,
Fechas asociadas al nombre 1974-
9 (RLIN) 153002
245 10 - MENCIÓN DEL TÍTULO
Título Paisaje adentro /
Mención de responsabilidad, etc. Lourdes de Abajo ; prólogo, Luz Pozo Garza.
250 ## - MENCION DE EDICION
Mención de edición 1ª ed.
260 ## - PUBLICACIÓN, DISTRIBUCIÓN, ETC.
Lugar de publicación, distribución, etc. [Colmenar Viejo, Madrid] :
Nombre del editor, distribuidor, etc. Amargord,
Fecha de publicación, distribución, etc. 2012.
300 ## - DESCRIPCIÓN FÍSICA
Extensión 139 p. ;
Dimensiones 21 cm.
490 1# - MENCIÓN DE SERIE
Mención de serie Colección Fragmentaria ;
Designación de volumen o secuencia 22
700 0# - ENTRADA AGREGADA--NOMBRE PERSONAL
Nombre de persona Pozo Garza, Luz.
9 (RLIN) 93546
830 0# - PUNTO DE ACCESO ADICIONAL DE SERIE-TÍTULO UNIFORME
Título uniforme Colección Fragmentaria ;
Designación de volumen o secuencia 22
9 (RLIN) 224807
852 ## - LOCALIZACIÓN
Ubicación ES-MaACL
Número de control de estantería A-12760
itemnumber 189105
Sublocalización o colección R.148997
Ubicación en estantería Depósito 1
Signatura antigua Olim: N-5760
942 ## - ELEMENTOS DE ENTRADA SECUNDARIOS (KOHA)
Fuente del sistema de clasificación o colocación Clasificación decimal universal
Tipo de ítem Koha Libro impreso
Holdings
Estatus retirado Estado de pérdida Fuente del sistema de clasificación o colocación Estado de daño No para préstamo Biblioteca de origen Biblioteca actual Ubicación en estantería Fecha de adquisición Fuente de adquisición Total de préstamos Signatura topográfica completa Código de barras Visto por última vez Precio de reemplazo Tipo de ítem Koha
    Clasificación decimal universal     Biblioteca del Ateneo de Madrid Biblioteca del Ateneo de Madrid Depósito 1 25/06/2013 Donación   A-12760 1191465 23/02/2023 23/02/2023 Libro impreso